Regioni italiane con più patrimoni UNESCO - Statistics

Statistiche generali
  • Questo quiz è stato fatto 48 volte
  • Il punteggio medio è 10 su 10
Statistiche sulle risposte
N° totale di siti Di cui condivisi Regione % Corretto
6 3 Lazio
100%
10 6 Lombardia
100%
5 2 Piemonte
100%
7 / Sicilia
100%
8 1 Toscana
100%
9 3 Veneto
100%
7 2 Campania
98%
5 3 Puglia
93%
5 4 Friuli-Venezia Giulia
91%
6 1 Emilia-Romagna
89%
Nessun quiz corrispondente trovato
Distribuzione punteggi
Percentuale di utenti per punteggio
Percentile per numero di risposta
I tuoi punteggi nel tempo
Non hai fatto questo quiz